| 000 | 00348nam a2200133Ia 4500 | ||
|---|---|---|---|
| 005 | 20251222143303.0 | ||
| 008 | 251222s9999||||xx |||||||||||||| ||spa|| | ||
| 020 | _a84-7908-585-1 | ||
| 082 | _a372.9/S32 | ||
| 100 | _aSebastián Alcaraz, Rafael | ||
| 245 | 0 | _aLa Enseñanza Primaria en Alcoy durante el Siglo XIX | |
| 264 | _bKadmos | ||
| 942 | _cLIB | ||
| 999 |
_c15426 _d15426 |
||